Dinosaurs - Statistics

General Stats
  • This quiz has been taken 158 times
  • The average score is 24 of 61
Answer Stats
Meaning Species % Correct
Tyrant King Tyrannosaurus Rex
99%
Three-Horned Face Triceratops
92%
Swift Thief Velociraptor
89%
Spined Lizard Spinosaurus
84%
Roof Lizard Stegosaurus
70%
Meat-Eating Bull Carnotaurus
69%
Iguana Tooth Iguanodon
67%
Utah's Thief Utahraptor
66%
Egg Thief Oviraptor
59%
Fused Lizard Ankylosaurus
57%
Arm Lizard Brachiosaurus
57%
Different Lizard Allosaurus
54%
Argentine Lizard Argentinosaurus
53%
Lizard from Alberta Albertosaurus
51%
Niger Lizard Nigersaurus
51%
Thick-headed Lizard Pachycephalosaurus
50%
Thunder Lizard Brontosaurus
48%
Giant Southern Lizard Giganotosaurus
47%
Double-Crested Lizard Dilophosaurus
46%
Lizard from Edmonton Edmontosaurus
46%
Titanic Lizard Titanosaurus
46%
Scythe Lizard Therizinosaurus
42%
Small Thief Microraptor
41%
Horned Lizard Ceratosaurus
39%
Terrible Claw Deinonychus
38%
Chicken Mimic Gallimimus
38%
Fire Thief Pyroraptor
38%
Crocodile Mimic Suchomimus
38%
Herrera's Lizard Herrerasaurus
36%
Amarga Lizard Amargasaurus
35%
Deceptive Lizard Apatosaurus
35%
Double-Beamed Diplodocus
33%
Dragon King Dracorex
33%
Mahajanga Lizard Majungasaurus
33%
Near Nested Lizard Parasaurolophus
31%
Wounding Tooth Troodon
31%
Sharp-Toothed Lizard Carcharodontosaurus
30%
Fears Nothing Dreadnoughtus
29%
Demon from the Styx Stygimoloch
29%
Pretty Jaw Compsognathus
28%
Giant from Patagonia Patagotitan
28%
Feathered Tyrant Yutyrannus
28%
Thick-Nosed Lizard Pachyrhinosaurus
27%
First Horned Face Protoceratops
27%
Chinese Horned Face Sinoceratops
27%
Lizard before Ceratosaurus Proceratosaurus
26%
High-Spined Lizard Acrocanthosaurus
25%
Ancient Wing Archaeopteryx
25%
Big Lizard Megalosaurus
25%
Giant Thief Gigantoraptor
24%
Sharp Point Kentrosaurus
22%
Alarming Lizard Tarbosaurus
22%
Spiked Lizard Styracosaurus
21%
Helmeted Lizard Corythosaurus
15%
Dreadful Lizard Gorgosaurus
14%
Midwife Lizard Maiasaura
14%
Hollow Form Coelophysis
13%
Broaden Lizard Plateosaurus
9%
Brave Lizard Ouranosaurus
8%
Harbinger of Doom Moros Intrepidus
5%
Toothed River Thief Orkoraptor
2%
No matching quizzes found
Score Distribution
Percent of People with Each Score
Percentile by Number Answered
Your Score History
You have not taken this quiz